000 00284nam a22001337a 4500
008 180814b xxu||||| |||| 00| 0 eng d
041 _aeng
080 _a51
082 _a51
100 _a38
101 _aMAT
245 _aOperational mathematics
_cChurchill.R.V
942 _2udc
_cBK
999 _c47170
_d47170